000 00688nam a2200265 i 4500
001 000006100
003 DO-SdBNP
005 20250501115328.0
007 ta
008 250501s1990 dr 000 0 spa d
040 _aDO-SdBNP
_bspa
_cBNPHU
_erda
041 _hspa
082 _axxx
_bL754
_222
110 _9447
245 1 0 _aLineamientos para un desarrollo urbano integral
264 _aSanto Domingo :
_bGente,
_c1990
300 _a36 páginas. ;
_c23 cm.
336 _ardacontent
_btexto
_2txt
337 _ardamedia
_bsin mediación
_2n
338 _ardacarrier
_bvolumen
_2nc
490 _aForo urbano
590 _aInventariado,2025/DG
910 _aDG
942 _2ddc
_cLF2
999 _c58895
_d58895